000 00205nam a22000857a 4500
999 _c10593
_d10593
008 190221b ||||| |||| 00| 0 eng d
020 _a9780544022744
100 _aDavies, Jacqueline
245 _aThe Bell Bandit